CTET/TET: (Record no. 200359)
[ view plain ]
| 000 -LEADER | |
|---|---|
| fixed length control field | 00817nam a22002297a 4500 |
| 005 - DATE AND TIME OF LATEST TRANSACTION | |
| control field | 20240124143749.0 |
| 010 ## - LCCN (DPL NO) | |
| LC control number | ENG-138990 |
| 020 ## - INTERNATIONAL STANDARD BOOK NUMBER | |
| International Standard Book Number | 9789355322609 |
| Terms of availability | 470.00 |
| 035 ## - SYSTEM CONTROL NUMBER | |
| System control number | EN-122522 |
| 037 ## - SOURCE OF ACQUISITION | |
| Source of stock number/acquisition | DBAD/PUB |
| 082 ## - DEWEY DECIMAL CLASSIFICATION NUMBER | |
| Classification number | 300 |
| Edition number | 2 |
| 100 ## - MAIN ENTRY--PERSONAL NAME | |
| Personal name | Prakash, Om |
| 245 ## - TITLE STATEMENT | |
| Title | CTET/TET: |
| Statement of responsibility, etc | By Om Prakash; Umrao Singh and Sangeeta Kaushik |
| Remainder of title | Social Studies an Pedagogy/ |
| 250 ## - EDITION STATEMENT | |
| Edition statement | 2 |
| 260 ## - PUBLICATION, DISTRIBUTION, ETC. (IMPRINT) | |
| Place of publication, distribution, etc | Tamil Nadu |
| Name of publisher, distributor, etc | McGraw Hill Education |
| Date of publication, distribution, etc | 2022 |
| 270 ## - ADDRESS | |
| Address | Anjana Complex No. 5/90 A, Butt Road, St. Thomas Mount |
| City | Tamil Nadu |
| Postal code | 600016 |
| 300 ## - PHYSICAL DESCRIPTION | |
| Extent | various pagings : |
| Dimensions | 24cm(pbk) |
| 500 ## - GENERAL NOTE | |
| General note | Subject- Wise Comprehensive Series Based on the Latest Examination Pattern |
| 700 ## - ADDED ENTRY--PERSONAL NAME | |
| Personal name | Umrao Singh |
| Relator term | Author |
| 9 (RLIN) | 61250 |
| 700 ## - ADDED ENTRY--PERSONAL NAME | |
| Personal name | Kaushik, Sangeeta |
| Relator term | Author |
| 9 (RLIN) | 61255 |
| 942 ## - ADDED ENTRY ELEMENTS (KOHA) | |
| Source of classification or shelving scheme | Dewey Decimal Classification |
| Item type | English Books |
| Classification part | 300 |
| Call number suffix | PRA |
| Withdrawn status | Lost status | Not for loan | Collection code | Home library | Current library | Date acquired | Source of acquisition | Cost, normal purchase price | Full call number | Barcode | Copy number | Cost, replacement price | Koha item type |
|---|---|---|---|---|---|---|---|---|---|---|---|---|---|
| Non-fiction | Sarojini Nagar | Sarojini Nagar | 24/01/2024 | DBAD/PUB | 470.00 | 300 PRA | EN-122522 | 1 | 470.00 | English Books |
